000 00779nam a22002297a 4500
999 _c525546
_d525546
003 NUST
005 20190703050635.0
008 190703b ||||| |||| 00| 0 eng d
038 _aIESE
040 _c0
050 _a628 ASF
082 _a628 ASF
100 _aSyed Asfand Yar Shah
_916448
245 _aCo-pyrolysis of cotton stalks and waste tires in fixed bed reactor
_cSyed Asfand Yar Shah
260 _aIslamabad
_bIESE (SCEE) NUST
_c2018
300 _a49p.
_bH.B
440 _aMS Environmental Engineering
_91549
500 _aThesis MS EE
650 _aEnvironmental Engineering
_91550
700 _4Dr. M Zeeshan Ali Khan (Supervisor)
942 _2ddc
_cTHE
_kIESE